000 01088nam a2200265 a 4500
001 BRCA_1686
005 20190320203516.0
008 001108s2000 sp-a---##b---f001-0#spa-#
020 _a8487317871
040 _aDLC
_cDLC
050 4 _aND3199
_b.D63 2000
245 1 0 _aEl documento pintado
_bcinco siglos de arte en manuscritos.
260 _a[Madrid]
_bMinisterio de Educación y Cultura : Museo Nacional del Prado : AFEDA
_c2000
300 _a340 p.
_bil. a color
_c30 cm.
500 _aCatálogo de la exposición realizada en el Museo del Prado (Madrid, España), 1997
500 _aIncluye índice onomástico
500 _aIncluye piezas de la colección Franz Mayer: p. 173
504 _aBibliografía: p. 295-303
610 2 4 _aMuseo del Prado (Madrid, España)
_vExposiciones
_95271
650 1 4 _aIluminación de libros y manuscritos españoles
_vExposiciones
_95272
650 1 4 _aMiniaturas españolas
_vExposiciones
_95273
650 1 4 _aDocumentos legales
_vExposiciones
_zEspaña
_95274
650 1 4 _aEjecutorias de hidalguía
_vExposiciones
_zEspaña
_95275
942 _2lcc
_cB
999 _c1479
_d1479